OPAC Home

DICTIONARY OF THE ENGLISH AND RUSSIAN LANGUAGES (Record no. 142945)

MARC details
000 -LEADER
fixed length control field 00312nam a2200121 4500
003 - CONTROL NUMBER IDENTIFIER
control field LK-CoDNM
005 - DATE AND TIME OF LATEST TRANSACTION
control field 20230916153315.0
008 - FIXED-LENGTH DATA ELEMENTS--GENERAL INFORMATION
fixed length control field 230916b |||||||| |||| 00| 0 eng d
040 ## - CATALOGING SOURCE
Original cataloging agency LK-CoDNM
Modifying agency LK-CoDNM
Description conventions LK-CoDNM
080 ## - UNIVERSAL DECIMAL CLASSIFICATION NUMBER
Universal Decimal Classification number 12F9
942 ## - ADDED ENTRY ELEMENTS (KOHA)
Suppress in OPAC 0
Koha item type Books
245 ## - TITLE STATEMENT
Title DICTIONARY OF THE ENGLISH AND RUSSIAN LANGUAGES
Holdings
Withdrawn status Lost status Damaged status Not for loan Collection code Permanent Location Current Location Date acquired Full call number Barcode Koha item type
    Damaged   Old Books Collection Library National Museum Colombo - Sri Lanka Library National Museum Colombo - Sri Lanka 2023-09-16 12 F9 OB104 Books
Copyright © 2023 Department of National Museum, Colombo 07, Sri Lanka Funded by UNESCO IFAP UNESCO